| 000 -LEADER |
| fixed length control field |
01011cam a22003017a 4500 |
| 040 ## - CATALOGING SOURCE |
| Transcribing agency |
HU-EWC |
| 082 00 - DEWEY DECIMAL CLASSIFICATION NUMBER |
| Classification number |
614 NAT 2001 A110 Or. |
| 245 00 - TITLE STATEMENT |
| Title |
Cambodia demographic and health survey, 2000 / |
| 246 18 - VARYING FORM OF TITLE |
| Title proper/short title |
Cambodia 2000 : |
| Remainder of title |
demographic and health survey. |
| 260 ## - PUBLICATION, DISTRIBUTION, ETC. (IMPRINT) |
| Place of publication |
Phnom Penh, Cambodia : |
| Name of publisher |
National Institute of Statistics, Ministry of Planning : |
| -- |
Directorate General for Health, Ministry of Health ; |
| Place of publication |
Calverton, Md. : |
| Name of publisher |
ORC Macro, |
| Year of publication |
2001. |
| 300 ## - PHYSICAL DESCRIPTION |
| Number of Pages |
xxvi, 347 p. : |
| Other physical details |
ill., map, forms ; |
| Dimensions |
28 cm. |
| 500 ## - GENERAL NOTE |
| General note |
Sponsored by UNFPA, UNICEF, and USAID. |
| 500 ## - GENERAL NOTE |
| General note |
"June 2001" |
| 650 #0 - SUBJECT ADDED ENTRY--TOPICAL TERM |
| Topical Term |
Health surveys |
| 650 #0 - SUBJECT ADDED ENTRY--TOPICAL TERM |
| Topical Term |
Demographic surveys |
| 650 #0 - SUBJECT ADDED ENTRY--TOPICAL TERM |
| Topical Term |
Public health |
| 650 #0 - SUBJECT ADDED ENTRY--TOPICAL TERM |
| Topical Term |
Fertility, Human |
| 650 #0 - SUBJECT ADDED ENTRY--TOPICAL TERM |
| Topical Term |
Birth control |
| 650 #0 - SUBJECT ADDED ENTRY--TOPICAL TERM |
| Topical Term |
Mortality |
| 650 #0 - SUBJECT ADDED ENTRY--TOPICAL TERM |
| Topical Term |
Nutrition |
| 650 #0 - SUBJECT ADDED ENTRY--TOPICAL TERM |
| Topical Term |
Women |
| 650 #0 - SUBJECT ADDED ENTRY--TOPICAL TERM |
| Topical Term |
Sexually transmitted diseases |
| 700 1# - ADDED ENTRY--PERSONAL NAME |
| Personal name |
Barrère, Bernard. |
| 710 2# - ADDED ENTRY--CORPORATE NAME |
| Corporate name or jurisdiction name as entry element |
Vidyasthan Jati Sthiti (Cambodia) |
| 710 1# - ADDED ENTRY--CORPORATE NAME |
| Corporate name or jurisdiction name as entry element |
Cambodia. |
| 710 2# - ADDED ENTRY--CORPORATE NAME |
| Corporate name or jurisdiction name as entry element |
ORC Macro. |
| 942 ## - ADDED ENTRY ELEMENTS (KOHA) |
| Koha item type |
សៀវភៅភាសាអង់គ្លេស |
| 952 ## - LOCATION AND ITEM INFORMATION (KOHA) |
| Withdrawn status [LOCAL, KOHA] |
0 |